000 00463nam a22001457a 4500
003 MACL
005 20190503154232.0
008 190503b xxu||||| |||| 00| 0 eng d
040 _cMACL
100 _aतिवारी,डॉ. भोलानाथ
_99049
245 _aहिंदी पर्यायवाची कोश
260 _aदिल्‍ली
_bप्रभात प्रकाशन
_c2018
650 _aकोश
_974719
942 _2ddc
_cHIN
999 _c59651
_d59651